Biện pháp quản lý xây dựng trường Trung học cơ sở đạt chuẩn quốc gia trên địa bàn thành phố Kon Tum tỉnh Kon Tum

Cơ sở lý luận về vấn đề xây dựng trường Trung học cơ sở đạt chuẩn quốc gia. Thực trạng quản lý xây dựng trường Trung học cơ sở đạt chuẩn quốc gia ở thành phố Kon Tum, tỉnh Kon Tum. Biện pháp quản lý xây dựng trường Trung học cơ sở đạt chuẩn quốc gia....

Cijeli opis

Spremljeno u:
Bibliografski detalji
Glavni autor: Vũ Tuấn Anh
Daljnji autori: Võ Nguyên Du PGS.TS (Hướng dẫn)
Format: Knjiga
Jezik:Vietnamese
Izdano: Đà Nẵng Đại học Đà Nẵng 2014
Teme:
Oznake: Dodaj oznaku
Bez oznaka, Budi prvi tko označuje ovaj zapis!
Thư viện lưu trữ: Mạng thư viện Đại học Đà Nẵng
LEADER 01858nam a2200349 4500
001 000020073
003 16514
005 20150313100343.0
008 150107s2014 viesd
041 |a vie 
082 1 4 |a 373.12  |b VU-A 
100 1 |a Vũ Tuấn Anh 
245 1 |a Biện pháp quản lý xây dựng trường Trung học cơ sở đạt chuẩn quốc gia trên địa bàn thành phố Kon Tum tỉnh Kon Tum  |c Vũ Tuấn Anh ; Võ Nguyên Du hướng dẫn.  |k Luận văn Thạc sĩ 
260 |a Đà Nẵng  |b Đại học Đà Nẵng  |c 2014 
300 |a 91 tr., phụ lục 18 tr.  |c 29 cm.  |e Tóm tắt 
500 |a Luận văn thạc sĩ Khoa học. Chuyên ngành: Quản lý giáo dục. Mã số: 60.14.05 
520 3 |a Cơ sở lý luận về vấn đề xây dựng trường Trung học cơ sở đạt chuẩn quốc gia. Thực trạng quản lý xây dựng trường Trung học cơ sở đạt chuẩn quốc gia ở thành phố Kon Tum, tỉnh Kon Tum. Biện pháp quản lý xây dựng trường Trung học cơ sở đạt chuẩn quốc gia. 
650 0 4 |a Quản lý giáo dục trung học  |v Luận văn tốt nghiệp  |x Trường học chuẩn Quốc gia  |z Kon Tum 
653 |a Giáo dục trung học 
653 |a Quản lý giáo dục 
653 |a Trường học chuẩn Quốc gia 
700 1 |a Võ Nguyên Du  |c PGS.TS  |e Hướng dẫn 
OWN |a LSP 
AVA |a UDN50  |b LSP  |d 373.12 VU-A  |e available  |t Error 5001 Not defined in file expand_doc_bib_avail.  |f 1  |g 0  |h N  |i 0  |k 1 
999 |a From the UDN01 
AVA |a UDN50  |b LSP  |d 373.12 VU-A  |e available  |t Error 5001 Not defined in file expand_doc_bib_avail.  |f 1  |g 0  |h N  |i 0  |k 1 
TYP |a Monograph 
TYP |a Printed language 
980 |a Mạng thư viện Đại học Đà Nẵng